[Event "Olympiad-28"]
[Site "Thessaloniki"]
[Date "1988.11.29"]
[Round "14"]
[White "Rahman, Zillur"]
[Black "Kamuhangire, Silver"]
[Result "1-0"]
[WhiteElo "2330"]
[BlackElo "2205"]
[PlyCount "89"]
[EventDate "1988.11.13"]
[EventType "team-swiss"]
[EventRounds "14"]
[EventCountry "GRE"]
[SourceTitle "TD"]
[Source "ChessBase"]
[SourceDate "1994.03.01"]
[SourceVersion "1"]
[SourceVersionDate "1994.03.01"]
[SourceQuality "1"]
[WhiteTeam "Bangladesh"]
[BlackTeam "Uganda"]
[WhiteTeamCountry "BAN"]
[BlackTeamCountry "UGA"]

1. e4 g6 2. d4 Bg7 3. Nc3 d6 4. f4 c6 5. Nf3 Nf6 6. Bd3 Bg4 7. Be3 Qa5 8. 0-0 Nbd7 9. e5 Nd5 10. Nxd5 Qxd5 11. Qd2 Bxf3 12. Rxf3 f5 13. c4 Qf7 14. exd6 exd6 15. Qb4 Nb6 16. Qxd6 Nxc4 17. Bxc4 Qxc4 18. Bf2 Rf8 19. Rc3 Qd5 20. Re1+ Kf7 21. Re7+ Kg8 22. Qxd5+ cxd5 23. Rcc7 Bf6 24. Rxh7 Rac8 25. g4 Rxc7 26. Rxc7 Rf7 27. Rc8+ Kg7 28. g5 Be7 29. Kg2 Bd6 30. Rd8 Bxf4 31. h4 Bc1 32. b3 Rc7 33. Rxd5 Rc2 34. Rd7+ Kg8 35. Kf3 Rxa2 36. Rxb7 a5 37. Be1 a4 38. d5 Ra3 39. d6 axb3 40. d7 b2+ 41. Ke2 Ra8 42. Ba5 Kf8 43. d8Q+ Rxd8 44. Bxd8 Ke8 45. Bf6 1-0

[Event "Olympiad-28"]
[Site "Thessaloniki"]
[Date "1988.11.18"]
[Round "5"]
[White "Rahman, Zillur"]
[Black "Schepel, Kaarlo"]
[Result "0-1"]
[WhiteElo "2330"]
[BlackElo "2225"]
[PlyCount "64"]
[EventDate "1988.11.13"]
[EventType "team-swiss"]
[EventRounds "14"]
[EventCountry "GRE"]
[SourceTitle "TD"]
[Source "ChessBase"]
[SourceDate "1994.03.01"]
[SourceVersion "1"]
[SourceVersionDate "1994.03.01"]
[SourceQuality "1"]
[WhiteTeam "Bangladesh"]
[BlackTeam "Hong Kong"]
[WhiteTeamCountry "BAN"]
[BlackTeamCountry "HKG"]

1. e4 e5 2. Nf3 Nc6 3. Bc4 Be7 4. d4 exd4 5. Nxd4 d6 6. 0-0 Nf6 7. Nc3 Bg4 8. f3 Nxd4 9. fxg4 Ne6 10. g5 Nd7 11. Bxe6 fxe6 12. Qg4 Nf8 13. Qf3 c6 14. Qf7+ Kd7 15. Bf4 Qb6+ 16. Kh1 Ng6 17. Bg3 Raf8 18. Qxg7 Rhg8 19. Qxh7 Qxb2 20. Rfb1 Qxc3 21. Rxb7+ Ke8 22. Rab1 Rg7 23. Rb8+ Bd8 24. Qh3 Qc4 25. Rg1 Rf1 26. Rb1 Rxb1 27. Rxb1 Rf7 28. Rg1 Rf1 29. Qg4 Bb6 30. h4 Rxg1+ 31. Kh2 Qf1 32. Qxe6+ Ne7 0-1

[Event "Asia-chT fin 07th"]
[Site "Singapore"]
[Date "1987.08.12"]
[Round "8"]
[White "Al Bouny, Y."]
[Black "Rahman, Zillur"]
[Result "1-0"]
[WhiteElo "2205"]
[BlackElo "2295"]
[PlyCount "57"]
[EventDate "1987.08.05"]
[EventType "team"]
[EventRounds "9"]
[EventCountry "SIN"]
[SourceTitle "EXT 1997"]
[Source "ChessBase"]
[SourceDate "1996.11.15"]
[SourceVersion "1"]
[SourceVersionDate "1996.11.15"]
[SourceQuality "1"]
[WhiteTeam "Yemen"]
[BlackTeam "Bangladesh"]
[WhiteTeamCountry "YEM"]
[BlackTeamCountry "BAN"]

1. e4 e6 2. d4 d5 3. Nd2 Nf6 4. e5 Nfd7 5. Bd3 c5 6. c3 Nc6 7. Ne2 cxd4 8. cxd4 f6 9. exf6 Nxf6 10. 0-0 Bd6 11. Nf3 0-0 12. Bg5 Bd7 13. Rc1 Be8 14. a3 Bh5 15. Ng3 Bxg3 16. hxg3 Qb6 17. Be3 Ne4 18. Qc2 Rf6 19. b4 Ne7 20. Ne5 Qd6 21. Qc7 Qxc7 22. Rxc7 Nf5 23. Bxe4 Nxe3 24. Bxh7+ Kxh7 25. fxe3 Rxf1+ 26. Kxf1 b5 27. g4 Bg6 28. Rc6 Be4 29. Rxe6 1-0

[Event "Asia-chT fin 07th"]
[Site "Singapore"]
[Date "1987.08.09"]
[Round "5"]
[White "Rahman, Zillur"]
[Black "Ardiansyah, Haji"]
[Result "1-0"]
[WhiteElo "2295"]
[BlackElo "2480"]
[PlyCount "53"]
[EventDate "1987.08.05"]
[EventType "team"]
[EventRounds "9"]
[EventCountry "SIN"]
[SourceTitle "EXT 1997"]
[Source "ChessBase"]
[SourceDate "1996.11.15"]
[SourceVersion "1"]
[SourceVersionDate "1996.11.15"]
[SourceQuality "1"]
[WhiteTeam "Bangladesh"]
[BlackTeam "Indonesia"]
[WhiteTeamCountry "BAN"]
[BlackTeamCountry "INA"]

1. e4 c5 2. Nf3 Nc6 3. d4 cxd4 4. Nxd4 Qc7 5. Nc3 e6 6. Be3 a6 7. Bd3 Nf6 8. 0-0 Ne5 9. h3 Bc5 10. Qd2 b5 11. f4 Nxd3 12. cxd3 d6 13. Qf2 0-0 14. Rac1 Qb7 15. Kh2 Bd7 16. g4 b4 17. g5 Nh5 18. Nce2 f5 19. e5 Rac8 20. Nb3 Bxe3 21. Qxe3 Qd5 22. Ned4 a5 23. exd6 a4 24. Nd2 Nxf4 25. Qxf4 Rxc1 26. Rxc1 e5 27. Ne6 1-0